00378 2200157 4500001002100000005001500021035002000036245004400056100001000100300002600110260002800136082000800164084001400172020002200186990001200208INLIS00000000000301420250918092328 a0010-09250003611 aCinta Bersemi Di Putih Abu-Abu /cArumi0 aArumi a212 hlm ;c13 x 19 cm aJakarta :bZettu,c2012 a813 a813 ARU c a978-602-7735-14-9 a0755619